|
|
|
|
| LEADER |
00725cam a2200193 7i4500 |
| 001 |
0000041219 |
| 005 |
20170218090000.0 |
| 020 |
|
|
|a 9780321712943 (hbk.)
|
| 020 |
|
|
|a 0321712943 (hbk.)
|
| 090 |
0 |
0 |
|a QA76.7
|b .F66 2011
|
| 100 |
1 |
|
|a Fowler, Martin
|
| 245 |
1 |
0 |
|a Domain specific languages
|c Fowler, Parson ; with Rebecca Parsons.
|
| 260 |
|
|
|a Upper Saddle River, N.J.:
|b Addison-Wesley,
|c 2011.
|
| 300 |
|
|
|a xxviii, 597 p.:
|b ill.;
|c 24 cm.
|
| 650 |
0 |
0 |
|a Domain-specific programming languages
|
| 650 |
0 |
0 |
|a Programming languages (Electronic computers)
|
| 700 |
1 |
|
|a Parsons, Rebecca
|
| 997 |
|
|
|a Communication, Visual Art & Computing, Faculty
|b Computing, Department
|
| 999 |
|
|
|a 0000050517
|b BOK
|c OPEN SHELF
|e 2nd Floor, Bestari Jaya
|